000 00663nam a2200229 i 4500
001 bg
245 0 0 _aPodstawy marketingu :
_bpraca zbiorowa /
_cpod red. Jerzego Altkorna ; aut. J. Altkorn [et al.].
250 _aWyd. 2.
260 _aKraków :
_bInstytut Marketingu,
_c1994.
300 _a363 s. :
_brys., wykr. ;
_c21 cm.
504 _aBibliogr. s. 359-363.
650 9 _aMarketing
655 _aPodręczniki akademickie
700 1 _aALTKORN, Jerzy
_d(1931-2004).
_eRed.
020 _a8390069896
040 _cBPK
041 0 _apl
080 _a339.138(075.8)
920 _a83-900698-9-6
942 _cKS
008 s pl f |000 0 pol
999 _c32026
_d32026
856 _uhttp://koha.tu.koszalin.pl/cgi-bin/koha/opac-detail.pl?biblionumber=32026
_yKatalog online BPK